Régimen fiscal de la empresa (Record no. 117840)

MARC details
000 -LEADER
campo de control de longitud fija 00911nam a2200205 4500
001 - NÚMERO DE CONTROL
campo de control 117840
003 - IDENTIFICADOR DE NÚMERO DE CONTROL
campo de control ES-MaACL
005 - FECHA Y HORA DE LA ÚLTIMA TRANSACCIÓN
campo de control 20250828095218.0
007 - CAMPO FIJO DE DESCRIPCIÓN FÍSICA--INFORMACIÓN GENERAL
campo de control de longitud fija t|
008 - DATOS DE LONGITUD FIJA--INFORMACIÓN GENERAL
campo de control de longitud fija 070214s1984 sp r ||||1| spa d
100 1# - ENTRADA PRINCIPAL--NOMBRE DE PERSONA
Nombre de persona Pereira Rodríguez, Jorge Juan.
9 (RLIN) 90490
245 10 - MENCIÓN DEL TÍTULO
Título Régimen fiscal de la empresa
Resto del título : (fiscal 5ª) /
Mención de responsabilidad, etc. preparada por Jorge Juan Pereira Rodríguez, Luis A. Pérez González.
260 ## - PUBLICACIÓN, DISTRIBUCIÓN, ETC.
Lugar de publicación, distribución, etc. Madrid :
Nombre del editor, distribuidor, etc. Universidad Nacional de Educación a Distancia, Facultad de Ciencias Económicas y Empresariales,
Fecha de publicación, distribución, etc. 1984.
300 ## - DESCRIPCIÓN FÍSICA
Extensión 2 v. ;
Dimensiones 24 cm.
505 8# - NOTA DE CONTENIDO CON FORMATO
Nota de contenido con formato Contiene: Vol 1º Legislación básica, actualizada al 1/10/1984. Vol 2º Supuestos
700 1# - ENTRADA AGREGADA--NOMBRE PERSONAL
Nombre de persona Pérez González, Luis A.
9 (RLIN) 90914
710 2# - ENTRADA AGREGADA--NOMBRE DE ENTIDAD CORPORATIVA
Nombre de entidad corporativa o nombre de jurisdicción como elemento de entrada Universidad Nacional de Educación a Distancia (España).
Unidad subordinada Facultad de Ciencias Económicas y Empresariales
9 (RLIN) 7415
852 ## - LOCALIZACIÓN
Ubicación ES-MaACL
Número de control de estantería L-7399-400
Sublocalización o colección R.108109
Holdings
Estatus retirado Estado de pérdida Estado de daño No para préstamo Biblioteca de origen Biblioteca actual Ubicación en estantería Fecha de adquisición Fuente de adquisición Total de préstamos Signatura topográfica completa Código de barras Visto por última vez Precio de reemplazo Tipo de ítem Koha
        Biblioteca del Ateneo de Madrid Biblioteca del Ateneo de Madrid Depósito 2 17/01/2008     L-7399-400 1122851 23/02/2023 23/02/2023 Libro impreso